00456nam a2200145Ia 4500008004000000082001300040100000600053245004600059260004200105300000800147690001700155906001100172999001700183952011000200210210b1991 xxu||||| |||| 00| 0 eng d a345 INDI a- aIndian penal code: as amended up to date. aAllahabadbAllahabad Law Agencyc1991 a118 aCriminal Law a046149 c95245d95245 001040708LawaALbALcLawd2021-02-17g25.00l0o345 INDIp046149r2021-02-17 00:00:00w2021-02-17yBK